<?xml version="1.0" encoding="UTF-8"?><?xml-stylesheet type="text/xsl" href="static/style.xsl"?><OAI-PMH xmlns="http://www.openarchives.org/OAI/2.0/" xmlns:xsi="http://www.w3.org/2001/XMLSchema-instance" xsi:schemaLocation="http://www.openarchives.org/OAI/2.0/ http://www.openarchives.org/OAI/2.0/OAI-PMH.xsd"><responseDate>2026-04-29T01:50:38Z</responseDate><request verb="GetRecord" identifier="oai:repisalud.isciii.es:20.500.12105/20370" metadataPrefix="marc">https://repisalud.isciii.es/rest/oai/request</request><GetRecord><record><header><identifier>oai:repisalud.isciii.es:20.500.12105/20370</identifier><datestamp>2025-05-08T15:18:25Z</datestamp><setSpec>com_20.500.12105_2052</setSpec><setSpec>com_20.500.12105_2051</setSpec><setSpec>com_20.500.12105_15322</setSpec><setSpec>col_20.500.12105_19608</setSpec><setSpec>col_20.500.12105_16969</setSpec></header><metadata><record xmlns="http://www.loc.gov/MARC21/slim" xmlns:dcterms="http://purl.org/dc/terms/" xmlns:doc="http://www.lyncode.com/xoai" xmlns:xsi="http://www.w3.org/2001/XMLSchema-instance" xsi:schemaLocation="http://www.loc.gov/MARC21/slim http://www.loc.gov/standards/marcxml/schema/MARC21slim.xsd">
   <leader>00925njm 22002777a 4500</leader>
   <datafield ind2=" " ind1=" " tag="042">
      <subfield code="a">dc</subfield>
   </datafield>
   <datafield ind2=" " ind1=" " tag="720">
      <subfield code="a">Prego-Meleiro, P</subfield>
      <subfield code="e">author</subfield>
   </datafield>
   <datafield ind2=" " ind1=" " tag="720">
      <subfield code="a">Recalde-Esnoz, I</subfield>
      <subfield code="e">author</subfield>
   </datafield>
   <datafield ind2=" " ind1=" " tag="720">
      <subfield code="a">Sordo, Luis</subfield>
      <subfield code="e">author</subfield>
   </datafield>
   <datafield ind2=" " ind1=" " tag="720">
      <subfield code="a">Del Castillo, H</subfield>
      <subfield code="e">author</subfield>
   </datafield>
   <datafield ind2=" " ind1=" " tag="720">
      <subfield code="a">García-Ruiz, C</subfield>
      <subfield code="e">author</subfield>
   </datafield>
   <datafield ind2=" " ind1=" " tag="720">
      <subfield code="a">Montalvo, G</subfield>
      <subfield code="e">author</subfield>
   </datafield>
   <datafield ind2=" " ind1=" " tag="720">
      <subfield code="a">Lopez-Cuadrado, Teresa</subfield>
      <subfield code="e">author</subfield>
   </datafield>
   <datafield ind2=" " ind1=" " tag="260">
      <subfield code="c">2024-06-19</subfield>
   </datafield>
   <datafield ind2=" " ind1=" " tag="520">
      <subfield code="a">Objectives: This study aimed to provide epidemiological information on drug-facilitated sexual assault in Spanish youth partying, with a focus on prevalence rates and associated sociodemographic factors. Study design: Cross-sectional study: Methods: Quota sampling was used to recruit 1601 young people aged 18-35 years in Spain from a digital panel. A validated questionnaire on drug-facilitated sexual assault was used to assess five types of lifetime victimisation experiences while partying. Chi-square and the exact Fisher tests were used to describe the prevalence of victimisation, drug use patterns, and perpetrator profiles. Generalised ordered logistic regression was used to explore factors associated with victimisation, analysed by gender. Results: Half of young women and one-quarter of young men had experienced drug-facilitated sexual assault in their lifetime. Female victimisation due to touching and kissing was notably high, whereas men comprised almost half of the victims of more invasive DFSA experiences involving masturbation, penetration, and oral sex. Opportunism prevailed as the assault tactic, consisting of taking advantage of the victims' incapacity derived from voluntary alcohol use. Among women, risk of victimisation was associated with a lower education level, foreign-born status, and being non-heterosexual. Male victimisation risk was highest among non-heterosexual men. Conclusions: Drug-facilitated sexual violence in youth nightlife contexts is a serious public health issue in Spain, which requires urgent action. Most assaults involve taking advantage of victims who are incapacitated by the effects of voluntary alcohol consumption. This sexual violence primarily affects women with lower educational levels or those who are foreign-born and non-heterosexual men and women.</subfield>
   </datafield>
   <datafield ind1="8" ind2=" " tag="024">
      <subfield code="a">Public Health. 2024 Jun 19:233:157-163.</subfield>
   </datafield>
   <datafield ind1="8" ind2=" " tag="024">
      <subfield code="a">http://hdl.handle.net/20.500.12105/20370</subfield>
   </datafield>
   <datafield ind1="8" ind2=" " tag="024">
      <subfield code="a">38901300</subfield>
   </datafield>
   <datafield ind1="8" ind2=" " tag="024">
      <subfield code="a">10.1016/j.puhe.2024.05.022</subfield>
   </datafield>
   <datafield ind1="8" ind2=" " tag="024">
      <subfield code="a">1476-5616</subfield>
   </datafield>
   <datafield ind1="8" ind2=" " tag="024">
      <subfield code="a">Public health</subfield>
   </datafield>
   <datafield tag="653" ind2=" " ind1=" ">
      <subfield code="a">Drug-facilitated sexual assault</subfield>
   </datafield>
   <datafield tag="653" ind2=" " ind1=" ">
      <subfield code="a">Sexual violence</subfield>
   </datafield>
   <datafield tag="653" ind2=" " ind1=" ">
      <subfield code="a">Alcohol</subfield>
   </datafield>
   <datafield tag="653" ind2=" " ind1=" ">
      <subfield code="a">Chemical submission</subfield>
   </datafield>
   <datafield tag="653" ind2=" " ind1=" ">
      <subfield code="a">Sumision química</subfield>
   </datafield>
   <datafield ind2="0" ind1="0" tag="245">
      <subfield code="a">Drug-facilitated sexual assault in youth nightlife contexts in Spain</subfield>
   </datafield>
</record></metadata></record></GetRecord></OAI-PMH>